000 00639nam a2200241Ia 4500
003 OSt
005 20241001115133.0
008 210331s9999||||xx |||||||||||||| ||und||
040 _cSTCPL
041 _aMAL
041 _hMAL
082 _aM07
_bSAL-N
100 _aOmassery, Salam
_qസലാം ഓമശ്ശേരി
245 0 _aNalla vyakthithwam /
_cby Salam Omassery
_hനല്ല വ്യക്തിത്വം
260 _aKozhikode :
_bLiva Publications ,
_c2019 .
300 _a79 p.
_bPB
650 _aMalayalam
650 _aLiterature
650 _aStudy
650 _aGeneral
942 _cBK
942 _2ddc
999 _c73265
_d73265